000 02765nam0a2200421 4500
001 RU\NLR\BIBL_A\021965534
005 20230913173344.0
010 _a978-5-7629-3171-7
_966
021 _aRU
_bКН-П-23-031698
_9КН-П-23-3139
035 _a(NLR Aleph) 021965534
035 _a(RuMoRGB)011793102
090 _a12338046
_c12338046
100 _a20230620d2022 u y0rusy50 ca
101 0 _arus
102 _aRU
105 _aa z 100zy
181 0 _ai3
_baxxe
182 0 _an
200 1 _aСборник докладов 12-й Научно-технической школы-семинара "Инфокоммуникационные технологии в цифровом мире", 7-10 декабря 2022 г.
_fСанкт-Петербургский государственный электротехнический университет "ЛЭТИ" имени В. И. Ульянова (Ленина) (СПбГЭТУ "ЛЭТИ"), Санкт-Петербургская организация Общероссийской общественной организации "Российское научно-техническое общество радиотехники, электроники и связи имени А. С. Попова" (СПбНТОРЭС)
203 _aТекст
_bвизуальный
_cнепосредственный
210 _aСанкт-Петербург
_cСПбГЭТУ "ЛЭТИ"
_d2022
215 _a99 с.
_cил., табл.
_d21
300 _aНа обл.: Инфокоммуникационные технологии в цифровом мире: сборник докладов 12-й Научно-технической школы-семинара, 7-10 декабря 2022 г.
313 _aПо пред.изд. 2021г.
320 _aБиблиогр. в конце ст.
512 1 _aИнфокоммуникационные технологии в цифровом мире
_eсборник докладов 12-й научно-технической школы-семинара, 7-10 декабря 2022 г.
606 1 _aИнформационные технологии
_jСъезды, совещания и т.п
_91740175
_3RU\NLR\AUTH\66778624
675 _a004(082)
_v4
686 _a16
_2rubbks
686 _aЗ973.233я431(2)
_2rubbk
686 _aЗ968.5я431(2)
_2rubbk
686 1 _aЗ973.233я431(2)
710 1 2 _a"Инфокоммуникационные технологии в цифровом мире", научно-техническая школа-семинар
_d12
_eСанкт-Петербург
_f2022
_9853759
_3RU\NLR\AUTH\880594091
942 _cBOOK
980 _aNB